000 00870nam a2200241 a 4500
001 000025154
003 DO-SdBNP
005 20250509170321.0
008 110210s2000 ck a r 000 0 spa d
040 _aDO-SdBNP
_bspa
_cBNPHU
082 _a370.9861
_bR436e
100 1 _aRestrepo, Luis Carlos,
_d1954-
_951587
245 1 0 _aEscuela siglo XXI /
_cLuis Carlos Restrepo, Nicolás Buenaventura A.
260 _aSanta Fe de Bogotá, (Colombia) :
_bCooperativa Editorial Magisterio,
_c2000.
300 _a82 p. :
_bil. ;
_c21 cm.
500 _aEs una reimpresión de la primera edición de 1998
650 0 _aEducación
_zColombia
_951588
650 4 _aEducación
_zColombia
_951589
_vEnsayos, conferencias, etc
650 4 _aCalidad de la educación
_917482
650 4 _aValores (educación)
_951590
700 1 _aBuenaventura Alder, Nicolás
_951591
942 _2ddc
_cLBS1
999 _c24647
_d24647